| 000 | 00868nam a2200229 a 4500 | ||
|---|---|---|---|
| 999 |
_c9468 _d9468 |
||
| 001 | 9468 | ||
| 003 | BD-JhCC | ||
| 005 | 20210329134019.0 | ||
| 008 | 180314s2011 bg a|||| |||| 001 0 ben d | ||
| 020 | _a9789813327918 | ||
| 035 | _a(BD-JhCC)9468 | ||
| 040 |
_aBD-JhCC _dBD-JhCC |
||
| 041 | _aBengail | ||
| 082 |
_a954.92 _bCHO 2011 |
||
| 245 |
_aছোটদের বাংলাপিডিয়া : _bবাংলাদেশ ও বিশ্ব / _cসম্পাদনায় আহমেদ আবদুল্লাহ জামাল |
||
| 260 |
_aঢাকা : _bবাংলাদেশ এশিয়াটিক সোসাইটি, _c২০১১. |
||
| 300 |
_a417 p. : _bill. ; _c25 cm. |
||
| 504 | _aIncludes Index. | ||
| 650 | _aBanglapedia | ||
| 700 | _a জামাল, আহমেদ আবদুল্লাহ | ||
| 942 |
_2ddc _cREF _02 |
||